Strongman's his name-- II / (Record no. 1269)
[ view plain ]
| 000 -LEADER | |
|---|---|
| fixed length control field | 01013cam a2200289 a 4500 |
| 001 - CONTROL NUMBER | |
| control field | 11881234 |
| 003 - CONTROL NUMBER IDENTIFIER | |
| control field | GBCCL |
| 005 - DATE AND TIME OF LATEST TRANSACTION | |
| control field | 20241126110357.0 |
| 008 - FIXED-LENGTH DATA ELEMENTS--GENERAL INFORMATION | |
| fixed length control field | 000104r20001994paua 000 0 eng |
| 010 ## - | |
| -- | 00020281 |
| 020 ## - INTERNATIONAL STANDARD BOOK NUMBER | |
| International Standard Book Number | 0005065488 |
| 040 ## - CATALOGING SOURCE | |
| Original cataloging agency | DLC |
| Transcribing agency | DLC |
| Modifying agency | DLC |
| 050 00 - | |
| -- | BS680.S73 |
| -- | R63 2000 |
| 082 00 - DEWEY DECIMAL CLASSIFICATION NUMBER | |
| Classification number | 235.4 |
| Edition information | 21 |
| Item number | ROB |
| 100 1# - MAIN ENTRY--PERSONAL NAME | |
| Personal name | Robeson, Jerry, |
| Dates associated with a name | 1938-1999. |
| 9 (RLIN) | 2431 |
| 245 10 - TITLE STATEMENT | |
| Title | Strongman's his name-- II / |
| Statement of responsibility, etc. | by Jerry & Carol Robeson. |
| 246 3# - | |
| -- | Strongman's his name-- two |
| 250 ## - EDITION STATEMENT | |
| Edition statement | 2nd ed. |
| 260 ## - PUBLICATION, DISTRIBUTION, ETC. | |
| Place of publication, distribution, etc. | Shiloh publishing house: |
| Name of publisher, distributor, etc. | Woodburn, |
| Date of publication, distribution, etc. | 1997. |
| 300 ## - PHYSICAL DESCRIPTION | |
| Extent | 244 p. : |
| Other physical details | ill. ; |
| Dimensions | 24 cm. |
| 500 ## - GENERAL NOTE | |
| General note | Originally published: Woodburn, OR : Shiloh Pub., 1994. |
| 650 #0 - SUBJECT ADDED ENTRY--TOPICAL TERM | |
| Topical term or geographic name entry element | Spiritual warfare |
| General subdivision | Biblical teaching. |
| 9 (RLIN) | 2432 |
| 700 1# - ADDED ENTRY--PERSONAL NAME | |
| Personal name | Robeson, Carol, |
| Dates associated with a name | 1939- |
| 9 (RLIN) | 2433 |
| 906 ## - LOCAL DATA ELEMENT F, LDF (RLIN) | |
| a | 7 |
| b | cbc |
| c | orignew |
| d | 1 |
| e | ocip |
| f | 20 |
| g | y-gencatlg |
| 942 ## - ADDED ENTRY ELEMENTS (KOHA) | |
| Source of classification or shelving scheme | Dewey Decimal Classification |
| Koha item type | Books |
| Koha issues (borrowed), all copies | 3 |
| Withdrawn status | Lost status | Source of classification or shelving scheme | Damaged status | Not for loan | Home library | Current Library | Shelving location | Date acquired | Total checkouts | Total renewals | Full call number | Barcode | Date last seen | Date last checked out | Copy number | Price effective from | Koha item type |
|---|---|---|---|---|---|---|---|---|---|---|---|---|---|---|---|---|---|
| Dewey Decimal Classification | GRACE BIBLE COLLEGE | GRACE BIBLE COLLEGE | Theology | 2017-04-24 | 5 | 1 | 235.4 ROB | 006435 | 2025-05-01 | 2025-02-13 | c.1 | 2017-04-24 | Books |